01382nac a22003497a 4500001001000000003000900010005001700019008003400036040005400070072001800124090001900142100001700161110012100178245008000299246008200379260003700461300001100498490007900509500006100588650001200649650002200661650002200683650002800705650001300733650001800746650001500764650002400779909004700803942001700850999001900867952014600886BR8601063BR-BrBNA20240105120404.0230509b bl.|||m| |||| 00| 0 por d aBR-BrBNAbporcBiblioteca Nacional de Agricultura aE71; E16; E13 a0430 BR86010631 aTakeya, D.M.1 aBanco do Nordeste do Brasil S.A., Fortaleza, CE (Brasil). Escritorio Tecnico de Estudos Economicos do Nordeste911461 aUm outro nordeste: o algodao na economia do Rio Grande do Norte (1880-1915)1 a[Another Northeast: cotton in the economy of Rio Grande do Norte (1880-1915)]3 aFortaleza, CE (Brasil): c1985.  a135 p. aDocumentos do Nordeste. Banco do Nordeste do Brasil S.A. (Brazil)vno. 4x a10 illus.; 12 tables; Bibliography p. 127-137 (146 ref.) aALGODAO aPOLITICA AGRICOLA aECONOMIA AGRICOLA aESTATISTICA DE PRODUCAO aCOMERCIO aFINANCIAMENTO aEXPORTACAO aRIO GRANDE DO NORTE a202312bLúcia Elandec55dLúcia Elande 2AGRISn0cMS c279196d279196 002AGRIS40708Acervo Gerala41918b41918cAGROBASEl0o0430 BR8601063p0430 BR8601063r2023-12-18yMSePortaria Interministerial nº 164/94